1906 1338 1745 1329 1066 1127 1686 1828 1554 1867 1407 1229 1377 1897 1854 1140 1857 1642 1280 1598 1532 1687 1399 1562 1881 1208 1813 1672 1087 1181 1151 1700 1801 1609 1311 1427 1933 1061 1629 1285 1051 1798 1932 1055 1037 1960 1558 1197 1000 1440 1014 1154 1982 1279 1839 1120 1057 1756 1386 1007 1046 1613 1626 1964 1616 1938 1270 1577 1308 1862 1420 1038 1899 1466 1604 1709 1441 1255 1131 1694 1622 1377 1724 1143 1811 1179 1988 1709 1011 1171 1648 1266 1202 1156 1741 1080 1481 1255 1412 BCNSPRNW ULIB Ver.6.0+V

เปลี่ยนเป็นภาษาไทย

Change to English
 แสดงรายละเอียดบรรณานุกรม
  กลับหน้าหลัก

Brief Record : Get Marc (ISO 2709) : E-mail record : QR code < ปิดหน้าต่าง
LEADER : 00000nam 2200000uu 4500
001    13399127955
003     ULIB
008    020711s2563 th a 000 0 tha d
020    ^a9786160839018
050    ^aนว.^bณ-ส
100    ^aณรียา
245    ^aสัญญารักข้ามกาลเวลา
250    ^aพิมพ์ครั้งที่ 1
260    ^aกรุงเทพฯ :^bซีเอ็ดยูเคชั่น,^c2563
300    ^a424 หน้า;^b21 ซม.
650    ^aนวนิยาย
945    ^p350^l0^i008545
999    ^aประนอม เกษจรัล
รายการนี้ยังไม่มีแท็ก
คุณยังไม่ได้ล็อกอิน คุณสามารถมีกิจกรรมร่วมกับเว็บไซต์ได้ แต่ต้องล็อกอินก่อน ::
  ล็อกอิน

รายการสื่อสารสนเทศ

ลำดับที่ ประเภท เลขเรียก/บาร์โค้ด สถานที่ สถานะ
1. นวนิยาย
นวนิยาย
นว. ณ-ส ฉ.1 
  Barcode: 008545
ห้องสมุดวิทยาเขตสวรรค์ประชารักษ์
►นวนิยาย
ถูกยืม กำหนดส่งวันที่ 10 สิงหาคม 2566
  จอง

รายการใกล้เคียง
    ชื่อเรื่อง [สัญญารักข้ามกาลเวลา]

    ผู้แต่ง [ณรียา]

    หัวเรื่อง [นวนิยาย]

BibComment


ยังไม่เคยถูกคอมเมนท์

คอมเมนท์ทรัพยากรรายการนี้
  คอมเมนท์: สัญญารักข้ามกาลเ..


 Copyright 2026. Bcnsprnw @Library